Normal view
MARC view
- HADIA TANVIR, REIDA IQBAL
Entry Personal Name
001 - CONTROL NUMBER
- control field: 71621
003 - CONTROL NUMBER IDENTIFIER
- control field: NUST
005 - DATE AND TIME OF LATEST TRANSACTION
- control field: 20210628204645.0
008 - FIXED-LENGTH DATA ELEMENTS
- fixed length control field: 210628|| aca||aabn | a|a d
040 ## - CATALOGING SOURCE
- Original cataloging agency: NUST
- Transcribing agency: NUST
100 ## - HEADING--PERSONAL NAME
- Personal name: HADIA TANVIR, REIDA IQBAL
670 ## - SOURCE DATA FOUND
- Source citation: Work cat.: (NUST): HADIA TANVIR, REIDA IQBAL, PR-SOF-1475-PROCESSING OF EEG SIGNALS FOR REHABILITATION OF STROKE PATIENTS AND IT's APPLICATIONS ON PROTABLE DEVICES, 2015
